Taylor Swift - Paroles Stay Stay Stay - Statistiques

Statistiques générales
  • Ce quiz a été pris 35 fois
  • Le résultat moyen est 276 sur 330
Statistiques - réponses
Hint Réponse % Correct
I
100%
Couplet 1 I'm
100%
Stay,
100%
stay,
100%
stay
100%
Refrain Stay
100%
we
95%
you
95%
You
95%
you,
95%
a
89%
be
89%
been
89%
best
89%
both
89%
fun"
89%
funny
89%
if
89%
it
89%
it's
89%
It's
89%
mad,
89%
mad
89%
that
89%
think
89%
to
89%
when
89%
almost
84%
And
84%
and
84%
broke
84%
But
84%
but
84%
for
84%
For
84%
last
84%
loving
84%
me
84%
night
84%
on
84%
pretty
84%
quite
84%
So
84%
so
84%
some
84%
sure
84%
time,
84%
time
84%
up
84%
about
79%
fight
79%
I'd
79%
I'll
79%
I've
79%
leave
79%
let's
79%
my
79%
My
79%
"Okay,
79%
phone
79%
room
79%
said
79%
said,
79%
should
79%
stayed
79%
talk
79%
talk"
79%
the
79%
across
74%
all
74%
All
74%
at
74%
'Cause
74%
football
74%
hang
74%
is
74%
like
74%
never
74%
no
74%
No
74%
out
74%
threw
74%
Who
74%
with
74%
choice
68%
get
68%
gonna
68%
have
68%
helmet
68%
in
68%
life
68%
love
68%
of
68%
one
68%
That's
68%
Outro "That's
68%
This
68%
took
68%
was
68%
wearing
68%
whole
68%
away
63%
because
63%
came
63%
dated
63%
dramatic
63%
expecting
63%
given
63%
hanging
63%
morning
63%
only
63%
turn
63%
else
58%
memorize
58%
problem
58%
their
58%
those
58%
always
53%
Couplet 2 Before
53%
carry
53%
didn't
53%
dreams
53%
groceries
53%
hopes
53%
just
53%
laughing
53%
now
53%
self
53%
times
53%
unresolved
53%
fears,
47%
read
47%
takers
47%
occurring
42%
indulgent
26%
Aucun quiz correspondant
Distribution des résultats
% des personnes avec chaque résultat
Percentile par nombre de réponses
Votre historique - résultats
Vous n’avez pas pris ce quiz